La verdadera tierra

Gorde:
Xehetasun bibliografikoak
Egile nagusia: Caldwell, Ersking
Formatua: Liburua
Hizkuntza:Undetermined
Argitaratua: Barcelona, España Editorial Seix Barral 1985
Gaiak:
Etiketak: Etiketa erantsi
Etiketarik gabe, Izan zaitez lehena erregistro honi etiketa jartzen!

MARC

LEADER 00000nam a2200000Ia 4500
008 170316s9999 xx 000 0 und d
090 |a F-810 C-3v 
100 |a Caldwell, Ersking 
245 |a La verdadera tierra 
260 |a Barcelona, España 
260 |b Editorial Seix Barral 
260 |c 1985 
300 |a 185 páginas 
650 |a LITERATURA ESTADOUNIDENSE 
999 |c 28748  |d 28748 
040 |a cru BVZT 
942 |c 15 D  |h F-810 C-3v  |2 z